000 00393nam a22001697a 4500
005 20160622110446.0
008 160622b xxu||||| |||| 00| 0 eng d
020 _a978-0-07-058155-5
041 _aeng
082 _b8929
100 _aMukherjee A and Harit, M
_92463
245 _aFinancial Accounting
260 _bTMH
_c2008
300 _a40-28
650 _aManagement
_9241
942 _cBK
999 _c3498
_d3497